Kockázat
Elmentve itt :
| Szerző: | |
|---|---|
| Dokumentumtípus: | Cikk |
| Megjelent: |
1980-09-11
|
| Sorozat: | Délmagyarország
70 No. 213 |
| Kulcsszavak: | Szatymaz, Mezőgazdaság őszibaracktermesztés Szatymaz |
| Online Access: | http://dmarchiv.bibl.u-szeged.hu/84758 |
| LEADER | 00473nab a2200157 i 4500 | ||
|---|---|---|---|
| 001 | delm84758 | ||
| 005 | 20190531103414.0 | ||
| 008 | 190531s1980 hu o 0|| hun d | ||
| 040 | |a SZTE Délmagyarország Archívum |b hun | ||
| 041 | |a hun | ||
| 100 | 1 | |a Horváth Dezső | |
| 245 | 1 | 0 | |a Kockázat |h [elektronikus dokumentum] / |c Horváth Dezső |
| 260 | |c 1980-09-11 | ||
| 300 | |a 4 | ||
| 490 | 0 | |a Délmagyarország |v 70 No. 213 | |
| 695 | |a Szatymaz, Mezőgazdaság őszibaracktermesztés Szatymaz | ||